[Event "Besancon op"]
[Site "Besancon"]
[Date "2005.12.29"]
[Round "6"]
[White "Denis, Quentin"]
[Black "Perrin, Arnaud"]
[Result "0-1"]
[WhiteElo "1130"]
[BlackElo "1330"]
[PlyCount "56"]
[EventDate "2005.12.27"]
[EventType "swiss"]
[EventRounds "7"]
[EventCountry "FRA"]
[SourceTitle "CBM 110 Extra"]
[Source "ChessBase"]
[SourceDate "2006.03.10"]
[SourceVersion "2"]
[SourceVersionDate "2006.03.10"]
[SourceQuality "1"]

1. d4 d5 2. c4 Nf6 3. Nf3 Nc6 4. Nc3 Bg4 5. Bg5 e6 6. e3 Bb4 7. Bd3 Qd7 8. Bxf6 gxf6 9. 0-0 Bxc3 10. bxc3 0-0-0 11. c5 e5 12. Be2 Bxf3 13. Bxf3 Rhg8 14. h3 a6 15. Bg4 f5 16. Bf3 e4 17. Be2 f6 18. Rb1 Qg7 19. g4 Qg6 20. Kh1 Qh6 21. Kh2 fxg4 22. Bxg4+ Kb8 23. Rg1 Ne7 24. Qc2 f5 25. Be2 Rxg1 26. Kxg1 Qxh3 27. Qb2 Rg8+ 28. Bg4 Rxg4# 0-1